000 00647nam a22002172 4500
001 0000023932
005 20151217152252.0
008 130419s xx 000 0 eng d
040 _aKABU
_cKABU
100 1 _aApley, A. Graham.
_@0000183732
245 1 2 _aA System of orthopaedics and fractures /
_cA. Graham Apley.
250 _a3rd ed.
260 _aLondon :
_bButterworths,
_c1968.
300 _ax, 524 p.
650 0 _aOrthopedics.
_@0000178340
650 0 _aFractures.
_@0000183731
650 0 _aFractures
_xFixation.
_@0000183733
852 1 _9p500 KES
908 _a130419
950 _@1
999 _c10063
_d10063